Vietnamia lähimpänä olevat valtiot - Statistics

Yleistilastot
  • Tätä visaa on pelattu 844 kertaa
  • Keskiarvotulos 17 / 20
Vastaustilastot
Kilometrit Valtio % Oikein
0 Kiina
99%
725 Intia
95%
0 Laos
95%
104 Thaimaa
95%
600 Indonesia
93%
1558 Japani
90%
0 Kambodza
89%
390 Malesia
88%
126 Myanmar
87%
2221 Etelä-Korea
86%
945 Filippiinit
86%
1492 Nepal
85%
985 Bangladesh
84%
805 Singapore
84%
1088 Taiwan
84%
2405 Pohjois-Korea
83%
1131 Bhutan
79%
2439 Sri Lanka
76%
2026 Mongolia
75%
956 Brunei
74%
Ehtoja vastaavia visoja ei löytynyt
Tulosjakauma
Jokaisen tuloksen saaneiden osuus
Persentiili vastausten määrän mukaan
Tuloshistoriasi
Et ole pelannut tätä visaa